[Event "Saint Louis Kings-Queens 960"]
[Site "Saint Louis"]
[Date "2011.09.11"]
[Round "2"]
[White "Kosteniuk, Alexandra"]
[Black "Finegold, Benjamin"]
[Result "1/2-1/2"]
[WhiteElo "2469"]
[BlackElo "2489"]
[PlyCount "103"]
[EventDate "2011.09.10"]
[EventType "schev"]
[EventRounds "5"]
[EventCountry "USA"]
[SourceTitle "CBM 144 Extra"]
[Source "ChessBase"]
[SourceDate "2011.10.28"]
[SourceVersion "1"]
[SourceVersionDate "2011.10.28"]
[SourceQuality "1"]
[WhiteTeam "Queens"]
[BlackTeam "Kings"]

1. e4 c5 2. Nf3 Nc6 3. d4 cxd4 4. Nxd4 g6 5. Nc3 Bg7 6. Be3 Nf6 7. Be2 O-O 8.
f4 d6 9. Nb3 b6 10. g4 Bb7 11. g5 Nd7 12. h4 Na5 13. Nxa5 bxa5 14. Bf3 Rc8 15.
h5 Rxc3 16. bxc3 Qc7 17. Rb1 Ba8 18. Bd2 Nb6 19. Qe2 Nc4 20. Bc1 e6 21. hxg6
hxg6 22. Kf1 Rc8 23. Rh3 Bxc3 24. e5 Bxf3 25. Qxf3 Nd2+ 26. Bxd2 Bxd2 27. Rd1
Qc4+ 28. Kg1 Bxf4 29. exd6 Bxg5 30. d7 Rd8 31. Rh2 Qc5+ 32. Kh1 Kg7 33. Qe4 Qf5
34. Qxf5 gxf5 35. c4 Be3 36. Rb2 Kf6 37. Rd3 f4 38. Rb5 Ke7 39. Rxa5 Rxd7 40.
Rxd7+ Kxd7 41. c5 Kc6 42. Rxa7 f5 43. Re7 Kxc5 44. Rxe6 Kd5 45. Re8 Kc4 46. Kg2
Kc3 47. Ra8 Kb4 48. Kf3 Kb5 49. Ke2 Kb4 50. Kd3 Bc1 51. Kc2 Be3 52. a3+ 1/2-1/2

[Event "Saint Louis Kings-Queens 960"]
[Site "Saint Louis"]
[Date "2011.09.14"]
[Round "4"]
[White "Stopa, Jacek"]
[Black "Kosteniuk, Alexandra"]
[Result "0-1"]
[WhiteElo "2482"]
[BlackElo "2469"]
[PlyCount "64"]
[EventDate "2011.09.10"]
[EventType "schev"]
[EventRounds "5"]
[EventCountry "USA"]
[SourceTitle "CBM 144 Extra"]
[Source "ChessBase"]
[SourceDate "2011.10.28"]
[SourceVersion "1"]
[SourceVersionDate "2011.10.28"]
[SourceQuality "1"]
[WhiteTeam "Kings"]
[BlackTeam "Queens"]

1. e4 c5 2. d4 cxd4 3. c3 dxc3 4. Nxc3 e6 5. Nf3 Nc6 6. Bc4 Bb4 7. O-O Nge7 8.
Bg5 Qa5 9. Nb5 d5 10. exd5 exd5 11. Bf4 O-O 12. Bd3 Qd8 13. Bc7 Qd7 14. a3 Ba5
15. Bxa5 Nxa5 16. Ne5 Qd8 17. Re1 Nac6 18. Nf3 Ng6 19. Qa4 Bd7 20. Qb3 Nf4 21.
Bf1 Qb6 22. Qa4 Ng6 23. Qd1 a6 24. Qxd5 Be6 25. Rxe6 fxe6 26. Qxe6+ Kh8 27. Nd6
Qxb2 28. Rd1 Nce5 29. Bc4 Nxf3+ 30. gxf3 Ne5 31. Bd5 Rf6 32. Qe7 Qe2 0-1

[Event "Saint Louis Kings-Queens 960"]
[Site "Saint Louis"]
[Date "2011.09.15"]
[Round "5"]
[White "Kosteniuk, Alexandra"]
[Black "Cao, Kevin Y"]
[Result "1-0"]
[WhiteElo "2469"]
[BlackElo "2120"]
[PlyCount "93"]
[EventDate "2011.09.10"]
[EventType "schev"]
[EventRounds "5"]
[EventCountry "USA"]
[SourceTitle "CBM 144 Extra"]
[Source "ChessBase"]
[SourceDate "2011.10.28"]
[SourceVersion "1"]
[SourceVersionDate "2011.10.28"]
[SourceQuality "1"]
[WhiteTeam "Queens"]
[BlackTeam "Kings"]

1. e4 e5 2. Nf3 Nc6 3. Bb5 Bc5 4. O-O Nd4 5. Nxd4 Bxd4 6. d3 c6 7. Ba4 Nf6 8.
Nd2 b5 9. Bb3 d6 10. a4 a5 11. c3 Bb6 12. axb5 cxb5 13. h3 O-O 14. Re1 Bb7 15.
Nf1 d5 16. Qf3 dxe4 17. dxe4 h6 18. Ng3 Nh7 19. Nf5 Qf6 20. h4 Bc8 21. Bd5 Ra7
22. g3 Be6 23. Kg2 Kh8 24. Rh1 Rd7 25. Bc6 Bxf5 26. exf5 Re7 27. Be4 Rd8 28. g4
Qd6 29. g5 Rg8 30. Rd1 Qc7 31. Qd3 Qc5 32. Be3 Qc7 33. Bxb6 Qxb6 34. Qd6 Qxd6
35. Rxd6 hxg5 36. hxg5 Rb8 37. f6 Ra7 38. Rad1 Nf8 39. Rd8 Rxd8 40. Rxd8 Kg8
41. Rb8 gxf6 42. gxf6 b4 43. c4 Ra6 44. c5 a4 45. c6 Ra7 46. Rc8 a3 47. c7 1-0

[Event "EU-Cup (Women) 16th"]
[Site "Rogaska Slatina"]
[Date "2011.09.27"]
[Round "3.1"]
[White "Danielian, Elina"]
[Black "Kosteniuk, Alexandra"]
[Result "1/2-1/2"]
[WhiteElo "2517"]
[BlackElo "2469"]
[PlyCount "119"]
[EventDate "2011.09.25"]
[EventType "team-swiss"]
[EventRounds "7"]
[EventCountry "SLO"]
[SourceTitle "CBM 144 Extra"]
[Source "ChessBase"]
[SourceDate "2011.10.28"]
[SourceVersion "1"]
[SourceVersionDate "2011.10.28"]
[SourceQuality "1"]
[WhiteTeam "Yerevan Mika (W)"]
[BlackTeam "SHSM-RGSU (W)"]
[WhiteTeamCountry "ARM"]
[BlackTeamCountry "RUS"]

1. d4 Nf6 2. c4 e6 3. Nc3 Bb4 4. f3 d5 5. a3 Bxc3+ 6. bxc3 c5 7. cxd5 Nxd5 8.
dxc5 Qa5 9. e4 Nf6 10. Be3 O-O 11. Qb3 Nfd7 12. Bb5 Na6 13. Bxa6 Qxa6 14. a4 b6
15. c6 Qd3 16. Kf2 Nc5 17. Bxc5 bxc5 18. Rd1 c4 19. Rxd3 cxb3 20. Ne2 e5 21. c4
Rb8 22. Nc3 f5 23. Rb1 fxe4 24. Nxe4 b2 25. c7 Rb7 26. Nd6 Rxc7 27. Rxb2 e4 28.
Re3 exf3 29. Rxf3 Rd8 30. Rd3 Ba6 31. Rd4 Re7 32. Rbd2 Rf8+ 33. Kg3 Re3+ 34.
Kg4 Ra3 35. Rf4 Rxa4 36. Rxf8+ Kxf8 37. Rd4 Ke7 38. Kf4 g6 39. g4 Rb4 40. h4
Bb7 41. Ke5 Rb3 42. Nxb7 Rxb7 43. c5 a5 44. Ra4 Rb5 45. Kd5 Kd7 46. Rf4 Kc7 47.
Rf7+ Kb8 48. Kd6 Rb1 49. c6 Rd1+ 50. Kc5 a4 51. Rb7+ Kc8 52. Ra7 Ra1 53. Kd6
Rd1+ 54. Ke5 Ra1 55. Kf6 a3 56. Kg7 Rh1 57. Kxh7 Rxh4+ 58. Kxg6 Rxg4+ 59. Kf5
Rc4 60. Rxa3 1/2-1/2

[Event "EU-Cup (Women) 16th"]
[Site "Rogaska Slatina"]
[Date "2011.09.28"]
[Round "4.3"]
[White "Kosteniuk, Alexandra"]
[Black "Zhukova, Natalia"]
[Result "0-1"]
[WhiteElo "2469"]
[BlackElo "2416"]
[PlyCount "76"]
[EventDate "2011.09.25"]
[EventType "team-swiss"]
[EventRounds "7"]
[EventCountry "SLO"]
[SourceTitle "CBM 144 Extra"]
[Source "ChessBase"]
[SourceDate "2011.10.28"]
[SourceVersion "1"]
[SourceVersionDate "2011.10.28"]
[SourceQuality "1"]
[WhiteTeam "SHSM-RGSU (W)"]
[BlackTeam "Giprorechtrans (W)"]
[WhiteTeamCountry "RUS"]
[BlackTeamCountry "RUS"]

1. e4 d6 2. d4 Nf6 3. Nc3 g6 4. Be3 a6 5. Bd3 Bg7 6. Nf3 O-O 7. h3 Nbd7 8. Qd2
c5 9. O-O b5 10. Rfe1 Bb7 11. Bg5 cxd4 12. Nxd4 Nc5 13. Nb3 Ne6 14. Bh6 Rc8 15.
Bxg7 Kxg7 16. a4 b4 17. Nd5 Bxd5 18. exd5 Nc5 19. Nxc5 Rxc5 20. Qxb4 a5 21. Qb7
Nxd5 22. c3 e6 23. Rxe6 Rc7 24. Qxd5 fxe6 25. Qxa5 Rxf2 26. Qb6 Rd2 27. Be4 d5
28. Bf3 Qe7 29. Re1 e5 30. a5 e4 31. a6 Qc5+ 32. Qxc5 Rxc5 33. b4 exf3 34. gxf3
Rxc3 35. Ra1 Rcc2 36. b5 Rg2+ 37. Kf1 Rh2 38. Kg1 Rcg2+ 0-1

[Event "EU-Cup (Women) 16th"]
[Site "Rogaska Slatina"]
[Date "2011.09.30"]
[Round "6.2"]
[White "Dzagnidze, Nana"]
[Black "Kosteniuk, Alexandra"]
[Result "1/2-1/2"]
[WhiteElo "2525"]
[BlackElo "2469"]
[PlyCount "99"]
[EventDate "2011.09.25"]
[EventType "team-swiss"]
[EventRounds "7"]
[EventCountry "SLO"]
[SourceTitle "CBM 144 Extra"]
[Source "ChessBase"]
[SourceDate "2011.10.28"]
[SourceVersion "1"]
[SourceVersionDate "2011.10.28"]
[SourceQuality "1"]
[WhiteTeam "Timisoara (W)"]
[BlackTeam "SHSM-RGSU (W)"]
[WhiteTeamCountry "ROU"]
[BlackTeamCountry "RUS"]

1. d4 Nf6 2. c4 e6 3. Nc3 Bb4 4. e3 O-O 5. Nge2 d5 6. a3 Be7 7. cxd5 exd5 8.
Ng3 Re8 9. Bd3 b6 10. O-O Bd6 11. b4 c6 12. Bb2 Ng4 13. Nce2 h5 14. h3 h4 15.
hxg4 hxg3 16. Nxg3 Qh4 17. Qe1 Bxg4 18. f4 Bc7 19. Rc1 a6 20. e4 dxe4 21. Bxe4
Ra7 22. d5 Qh6 23. Qf2 cxd5 24. Bxd5 Bd6 25. Ne4 Be7 26. Qg3 Bf5 27. Ng5 Bf6
28. Bxf6 Qxf6 29. Qb3 Bg6 30. Qc3 Rd7 31. Bc4 Rc7 32. Qb3 Qd4+ 33. Kh1 b5 34.
Bd5 Rxc1 35. Bxf7+ Kf8 36. Rxc1 Qxf4 37. Bxg6 Qxc1+ 38. Kh2 Qf4+ 39. g3 Qf2+
40. Kh3 Qf1+ 41. Kh4 Re5 42. Ne6+ Ke7 43. Nf4 Qc4 44. Qb2 Qc7 45. Nd3 Nd7 46.
Nxe5 Nxe5 47. Be4 Qd6 48. Qc1 Nc4 49. Qg5+ Qf6 50. Bb7 1/2-1/2

[Event "Nalchik FIDE GP (Women)"]
[Site "Nalchik"]
[Date "2011.10.20"]
[Round "10"]
[White "Munguntuul, Batkhuyag"]
[Black "Kosteniuk, Alexandra"]
[Result "1-0"]
[WhiteElo "2465"]
[BlackElo "2469"]
[PlyCount "161"]
[EventDate "2011.10.09"]
[EventType "tourn"]
[EventRounds "11"]
[EventCountry "RUS"]
[EventCategory "11"]
[SourceTitle "CBM 145"]
[Source "ChessBase"]
[SourceDate "2011.11.11"]
[SourceVersion "1"]
[SourceVersionDate "2011.11.11"]
[SourceQuality "1"]

1. e4 e5 2. Bc4 Nf6 3. d3 Nc6 4. Nf3 Bc5 5. c3 O-O 6. O-O d5 7. exd5 Nxd5 8.
Re1 Bg4 9. h3 Bh5 10. Nbd2 Kh8 11. Ne4 Be7 12. Ng3 Bg6 13. Bb5 f6 14. Nh4 Bf7
15. Nhf5 Bc5 16. Ne4 Bb6 17. Qg4 Rg8 18. Qf3 Nce7 19. Nxe7 Qxe7 20. Bd2 c6 21.
Ba4 Bc7 22. c4 Nb6 23. Bc2 Bg6 24. b4 Rad8 25. Bc3 Rge8 26. a4 Bb8 27. a5 Nc8
28. Rad1 Qc7 29. Ng3 Nd6 30. Bb3 Qf7 31. a6 Nb5 32. Bb2 Nd4 33. Bxd4 Rxd4 34.
axb7 Qxb7 35. b5 Red8 36. Bc2 e4 37. Nxe4 cxb5 38. cxb5 Qxb5 39. Rb1 Qe5 40.
Ng3 Qc5 41. Re2 a5 42. Ne4 Qe5 43. Ng3 Qd6 44. Rbe1 h5 45. Re6 Qc7 46. Rc6 Qf4
47. Qxf4 Bxf4 48. Ne2 Re8 49. Kf1 Rd6 50. Ba4 Rxe2 51. Kxe2 Bxd3+ 52. Kf3 Rd4
53. Bc2 Be5 54. Rd1 Rf4+ 55. Ke3 Bxc2 56. Rxc2 Rb4 57. Rd8+ Kh7 58. Ra8 Rb3+
59. Ke4 Rb5 60. Kf5 Bc3+ 61. Ke6 Bd4 62. f3 Kg6 63. Rc4 Be3 64. g4 f5 65. gxh5+
Kxh5 66. Rh8+ Kg6 67. f4 Rb6+ 68. Kd5 Rb5+ 69. Kd6 Rb4 70. Rxb4 axb4 71. Ke5
Bb6 72. Rc8 Kh5 73. Kxf5 Kh4 74. Rb8 Bc5 75. Rb7 Bd4 76. Rxb4 Bc3 77. Rb3 Bd2
78. Rb7 Bc3 79. Kg6 Kg3 80. Rb3 Kh4 81. f5 1-0

[Event "Nalchik FIDE GP (Women)"]
[Site "Nalchik"]
[Date "2011.10.21"]
[Round "11"]
[White "Kosteniuk, Alexandra"]
[Black "Lagno, Kateryna"]
[Result "0-1"]
[WhiteElo "2469"]
[BlackElo "2554"]
[PlyCount "112"]
[EventDate "2011.10.09"]
[EventType "tourn"]
[EventRounds "11"]
[EventCountry "RUS"]
[EventCategory "11"]
[SourceTitle "CBM 145"]
[Source "ChessBase"]
[SourceDate "2011.11.11"]
[SourceVersion "1"]
[SourceVersionDate "2011.11.11"]
[SourceQuality "1"]

1. e4 d6 2. d4 Nf6 3. Nc3 g6 4. Be3 a6 5. Qd2 b5 6. f3 Bb7 7. g4 h5 8. g5 Nfd7
9. a4 b4 10. Nce2 c5 11. dxc5 dxc5 12. Rd1 Nc6 13. Nf4 Bg7 14. Bh3 Nb6 15. Qf2
Qc7 16. Nge2 O-O 17. a5 Nc4 18. Bxc5 Nxb2 19. Rd7 Qxa5 20. O-O Bc8 21. Nd5 Bxd7
22. Bxd7 Ne5 23. Bxb4 Qd8 24. Bh3 Nc6 25. Ba3 Nc4 26. Bc5 e6 27. Nf6+ Bxf6 28.
gxf6 Qxf6 29. Bxf8 Rxf8 30. f4 e5 31. Kh1 Nd2 32. Rg1 exf4 33. Nxf4 Nxe4 34.
Qe3 Qd4 35. Qxd4 Nxd4 36. Kg2 Nxc2 37. Nxh5 Rd8 38. Nf4 Ng5 39. Bg4 Ne3+ 40.
Kf2 Nxg4+ 41. Rxg4 Rd4 42. Rxg5 Rxf4+ 43. Kg3 Ra4 44. h4 Kg7 45. Rc5 Ra1 46. h5
gxh5 47. Rxh5 a5 48. Kf4 a4 49. Kf5 Rf1+ 50. Ke4 a3 51. Ra5 Ra1 52. Rg5+ Kf6
53. Rg2 Re1+ 54. Kd5 Re5+ 55. Kc4 Ra5 56. Kb4 a2 0-1

[Event "EU-chT (Women) 18th"]
[Site "Porto Carras"]
[Date "2011.11.11"]
[Round "9.3"]
[White "Kosteniuk, Alexandra"]
[Black "Newrkla, Katharina"]
[Result "1-0"]
[WhiteElo "2439"]
[BlackElo "2131"]
[PlyCount "129"]
[EventDate "2011.11.03"]
[EventType "team-swiss"]
[EventRounds "9"]
[EventCountry "GRE"]
[SourceTitle "EXT 2012"]
[Source "ChessBase"]
[SourceDate "2011.11.24"]
[SourceVersion "1"]
[SourceVersionDate "2011.11.24"]
[SourceQuality "1"]
[WhiteTeam "Russia (W)"]
[BlackTeam "Austria (W)"]
[WhiteTeamCountry "RUS"]
[BlackTeamCountry "AUT"]

1. e4 e5 2. Nf3 Nc6 3. Bb5 a6 4. Ba4 Nf6 5. O-O Be7 6. Re1 b5 7. Bb3 d6 8. c3
O-O 9. h3 Nb8 10. d4 Nbd7 11. Nbd2 Bb7 12. Bc2 Re8 13. Nf1 d5 14. dxe5 Nxe4 15.
N1d2 Bc5 16. Nxe4 dxe4 17. Bg5 f6 18. Bb3+ Kh8 19. exf6 Nxf6 20. Nd4 Qd6 21.
Qd2 Rad8 22. Rad1 Bb6 23. Qc1 Qe5 24. Bf4 Qh5 25. Bg5 Qg6 26. Qf4 Nd5 27. Qg4
Rd6 28. Bc2 Nf6 29. Qg3 Rd5 30. Bf4 Qxg3 31. Bxg3 c5 32. Nb3 c4 33. Nd4 e3 34.
f3 Rg5 35. Bf4 Rd5 36. Bxe3 Rde5 37. Bf2 Bxd4 38. cxd4 Re2 39. Rc1 Nd5 40. Rxe2
Rxe2 41. Kf1 Re8 42. Be4 g6 43. Bg3 Kg7 44. a3 Kf7 45. Kf2 h6 46. h4 Re7 47.
Bd6 Rd7 48. Be5 Nb6 49. g4 Na4 50. Rc2 a5 51. Ke3 Nb6 52. Bxb7 Rxb7 53. Ke4 b4
54. axb4 axb4 55. d5 c3 56. Kd4 cxb2 57. Rxb2 Na4 58. Rb3 Rb5 59. Bd6 Nb6 60.
Bc5 Nd7 61. Rxb4 Rxc5 62. Rb7 Rc1 63. Rxd7+ Kf6 64. f4 Rd1+ 65. Ke4 1-0

[Event "Beijing Sportaccord rap (Women)"]
[Site "Beijing"]
[Date "2011.12.09"]
[Round "2"]
[White "Dzagnidze, Nana"]
[Black "Kosteniuk, Alexandra"]
[Result "0-1"]
[WhiteElo "2516"]
[BlackElo "2439"]
[PlyCount "66"]
[EventDate "2011.12.09"]
[EventType "swiss (rapid)"]
[EventRounds "7"]
[EventCountry "CHN"]
[SourceTitle "CBM 145 Extra"]
[Source "ChessBase"]
[SourceDate "2012.01.03"]
[SourceVersion "1"]
[SourceVersionDate "2012.01.03"]
[SourceQuality "1"]

1. d4 Nf6 2. c4 e6 3. Nf3 b6 4. Nc3 Bb4 5. Bg5 h6 6. Bh4 g5 7. Bg3 Ne4 8. Qc2
Bb7 9. e3 Bxc3+ 10. bxc3 d6 11. Bd3 f5 12. d5 Na6 13. Nd4 Nac5 14. f3 Nxd3+ 15.
Qxd3 Nc5 16. Qc2 Qf6 17. dxe6 f4 18. exf4 gxf4 19. Bf2 O-O-O 20. O-O Rhg8 21.
Qf5 Qg7 22. Qh3 Kb8 23. Rad1 Rde8 24. Nf5 Qxc3 25. Bxc5 bxc5 26. Qxh6 Qc2 27.
Nh4 Qxc4 28. Rfe1 Re7 29. Nf5 Qxa2 30. Nh4 Bxf3 31. Rb1+ Kc8 32. g3 fxg3 33.
Nxf3 Qf2+ 0-1

[Event "Beijing Sportaccord rap (Women)"]
[Site "Beijing"]
[Date "2011.12.10"]
[Round "3"]
[White "Kosteniuk, Alexandra"]
[Black "Ju, Wenjun"]
[Result "1/2-1/2"]
[WhiteElo "2439"]
[BlackElo "2543"]
[PlyCount "98"]
[EventDate "2011.12.09"]
[EventType "swiss (rapid)"]
[EventRounds "7"]
[EventCountry "CHN"]
[SourceTitle "CBM 145 Extra"]
[Source "ChessBase"]
[SourceDate "2012.01.03"]
[SourceVersion "1"]
[SourceVersionDate "2012.01.03"]
[SourceQuality "1"]

1. e4 c5 2. Nf3 d6 3. d4 cxd4 4. Nxd4 Nf6 5. Nc3 a6 6. Bg5 e6 7. f4 Be7 8. Qf3
Qc7 9. O-O-O Nbd7 10. g4 b5 11. Bxf6 Nxf6 12. g5 Nd7 13. f5 O-O 14. Rg1 b4 15.
Nce2 e5 16. f6 exd4 17. fxe7 Re8 18. Nxd4 Ne5 19. Qf4 Be6 20. Kb1 Rxe7 21. Nf5
Rd7 22. Rg2 Rad8 23. Ne3 d5 24. exd5 Bxd5 25. Nxd5 Rxd5 26. Rgd2 Rxd2 27. Rxd2
Rxd2 28. Qxd2 a5 29. Qd5 g6 30. h4 Ng4 31. Be2 h5 32. Bd3 Kg7 33. Qd4+ Kg8 34.
b3 Qe7 35. Kb2 Ne3 36. Kc1 Ng4 37. Be4 Qc7 38. Bd5 Qg3 39. Qe4 Ne5 40. Qd4 Ng4
41. Qe4 Ne5 42. Qd4 Qe1+ 43. Kb2 Ng4 44. a3 Ne3 45. Bxf7+ Kxf7 46. Qd7+ Kf8 47.
Qd8+ Kf7 48. Qd7+ Kf8 49. Qd8+ Kf7 1/2-1/2

[Event "Beijing Sportaccord rap (Women)"]
[Site "Beijing"]
[Date "2011.12.10"]
[Round "4"]
[White "Paehtz, Elisabeth"]
[Black "Kosteniuk, Alexandra"]
[Result "0-1"]
[WhiteElo "2457"]
[BlackElo "2439"]
[PlyCount "116"]
[EventDate "2011.12.09"]
[EventType "swiss (rapid)"]
[EventRounds "7"]
[EventCountry "CHN"]
[SourceTitle "CBM 145 Extra"]
[Source "ChessBase"]
[SourceDate "2012.01.03"]
[SourceVersion "1"]
[SourceVersionDate "2012.01.03"]
[SourceQuality "1"]

1. b3 d5 2. Bb2 c5 3. e3 Nc6 4. Bb5 Qd6 5. f4 f6 6. c4 d4 7. Qh5+ g6 8. Qd5 Bd7
9. Qxd6 exd6 10. Bxc6 Bxc6 11. Nf3 dxe3 12. dxe3 O-O-O 13. Nc3 Bg7 14. O-O-O
Nh6 15. Nd5 Ng4 16. Rhe1 Rhe8 17. h3 Nf2 18. Rd2 Ne4 19. Rd3 Rd7 20. Kc2 f5 21.
Bxg7 Rxg7 22. Re2 b5 23. Nd2 Ng3 24. Re1 a6 25. Nb6+ Kc7 26. Nd5+ Kb7 27. Nf3
h6 28. Nd2 g5 29. fxg5 hxg5 30. Kd1 Rg6 31. Nf3 Ne4 32. Kc2 Rge6 33. h4 g4 34.
Ng5 Rh6 35. Nxe4 Rxe4 36. g3 bxc4 37. bxc4 Rxc4+ 38. Kd2 Bb5 39. Rb3 Kc6 40.
Ne7+ Kd7 41. Nd5 Ke6 42. Nc7+ Ke5 43. Nxb5 axb5 44. Rxb5 Ra4 45. Rb2 d5 46. Rc1
c4 47. Ke2 Rha6 48. Rcc2 Ra3 49. Kf2 Ke4 50. Re2 c3 51. Rb4+ Ke5 52. Rb3 Rxb3
53. axb3 Ke4 54. b4 Kd3 55. b5 Rb6 56. e4 fxe4 57. Re3+ Kd4 58. Re2 Rxb5 0-1

[Event "Beijing Sportaccord rap (Women)"]
[Site "Beijing"]
[Date "2011.12.11"]
[Round "5"]
[White "Kosteniuk, Alexandra"]
[Black "Lagno, Kateryna"]
[Result "1-0"]
[WhiteElo "2439"]
[BlackElo "2549"]
[PlyCount "87"]
[EventDate "2011.12.09"]
[EventType "swiss (rapid)"]
[EventRounds "7"]
[EventCountry "CHN"]
[SourceTitle "CBM 145 Extra"]
[Source "ChessBase"]
[SourceDate "2012.01.03"]
[SourceVersion "1"]
[SourceVersionDate "2012.01.03"]
[SourceQuality "1"]

1. e4 d6 2. d4 g6 3. Nc3 Bg7 4. Be3 a6 5. Qd2 b5 6. a4 b4 7. Nce2 a5 8. Ng3 Ba6
9. h4 Bxf1 10. Kxf1 h5 11. Nh3 Nf6 12. f3 Nbd7 13. Ng5 O-O 14. Kg1 c5 15. Rd1
cxd4 16. Bxd4 Qc7 17. Ne2 Nb6 18. b3 e5 19. Bf2 d5 20. Kh2 dxe4 21. Nxe4 Nxe4
22. fxe4 Rad8 23. Qe3 Nd7 24. c4 Nf6 25. Qc5 Qb7 26. Rd5 Nxe4 27. Qa7 Qxa7 28.
Bxa7 Rxd5 29. cxd5 Rd8 30. Rd1 Rd6 31. Bb8 Rd7 32. d6 Bf8 33. Rd5 Nxd6 34. Rxa5
Rb7 35. Ra8 Kg7 36. a5 e4 37. a6 Rd7 38. Nd4 Kf6 39. Nc6 e3 40. Kg3 Kf5 41. Kf3
Bh6 42. Ra7 Rxa7 43. Bxa7 Nb5 44. Nd4+ 1-0

[Event "Beijing Sportaccord rap (Women)"]
[Site "Beijing"]
[Date "2011.12.11"]
[Round "6"]
[White "Muzychuk, Anna"]
[Black "Kosteniuk, Alexandra"]
[Result "1/2-1/2"]
[WhiteElo "2562"]
[BlackElo "2439"]
[PlyCount "60"]
[EventDate "2011.12.09"]
[EventType "swiss (rapid)"]
[EventRounds "7"]
[EventCountry "CHN"]
[SourceTitle "CBM 145 Extra"]
[Source "ChessBase"]
[SourceDate "2012.01.03"]
[SourceVersion "1"]
[SourceVersionDate "2012.01.03"]
[SourceQuality "1"]

1. e4 e5 2. Nf3 Nf6 3. d4 Nxe4 4. Bd3 d5 5. Nxe5 Nd7 6. Nxd7 Bxd7 7. O-O Be7 8.
c4 Nf6 9. Nc3 dxc4 10. Bxc4 O-O 11. Bf4 Bd6 12. Bxd6 cxd6 13. Qb3 Rb8 14. a4
Qa5 15. Rfe1 Qg5 16. Nd5 Nxd5 17. Bxd5 Bc6 18. Bf3 Bxf3 19. Qxf3 Qd2 20. g3
Qxd4 21. b3 Rfe8 22. Rac1 Rxe1+ 23. Rxe1 Kf8 24. Qf5 g6 25. Qd7 Qd2 26. Re7
Qd1+ 27. Kg2 Qd5+ 28. Kg1 Qd1+ 29. Kg2 Qd5+ 30. Kg1 Qd1+ 1/2-1/2

[Event "Beijing Sportaccord rap (Women)"]
[Site "Beijing"]
[Date "2011.12.11"]
[Round "7"]
[White "Kosteniuk, Alexandra"]
[Black "Dembo, Yelena"]
[Result "1-0"]
[WhiteElo "2439"]
[BlackElo "2468"]
[PlyCount "81"]
[EventDate "2011.12.09"]
[EventType "swiss (rapid)"]
[EventRounds "7"]
[EventCountry "CHN"]
[SourceTitle "CBM 145 Extra"]
[Source "ChessBase"]
[SourceDate "2012.01.03"]
[SourceVersion "1"]
[SourceVersionDate "2012.01.03"]
[SourceQuality "1"]

1. e4 c5 2. Nf3 d6 3. d4 cxd4 4. Nxd4 Nf6 5. Nc3 Nc6 6. Bg5 e6 7. Qd2 a6 8.
O-O-O Bd7 9. f4 b5 10. Bxf6 gxf6 11. Kb1 Qb6 12. Nxc6 Bxc6 13. Qe1 O-O-O 14.
Qh4 Be7 15. f5 Qc5 16. Bd3 Kb8 17. Rhe1 Bb7 18. Qh5 Rdf8 19. g3 Bd8 20. Ne2 Ba5
21. Rf1 Qe5 22. Nf4 Rhg8 23. fxe6 fxe6 24. Qxh7 Rh8 25. Qe7 Re8 26. Qf7 Bxe4
27. Bxe4 Qxe4 28. Rf2 f5 29. a3 Bc7 30. Re2 Qf3 31. Nxe6 Qxe2 32. Qxc7+ Ka8 33.
Rxd6 Qe1+ 34. Ka2 Qxe6+ 35. Rxe6 Rxe6 36. Qd7 Reh6 37. Qxf5 Rxh2 38. g4 R2h7
39. g5 Ra7 40. Qd5+ Rb7 41. g6 1-0

[Event "Beijing Sportaccord blitz (Women)"]
[Site "Beijing"]
[Date "2011.12.13"]
[Round "15"]
[White "Muzychuk, Anna"]
[Black "Kosteniuk, Alexandra"]
[Result "1-0"]
[WhiteElo "2562"]
[BlackElo "2439"]
[PlyCount "57"]
[EventDate "2011.12.12"]
[EventType "swiss (blitz)"]
[EventRounds "15"]
[EventCountry "CHN"]
[SourceTitle "CBM 145 Extra"]
[Source "ChessBase"]
[SourceDate "2012.01.03"]
[SourceVersion "1"]
[SourceVersionDate "2012.01.03"]
[SourceQuality "1"]

1. e4 e5 2. Nf3 Nf6 3. d4 Nxe4 4. Bd3 d5 5. Nxe5 Nd7 6. Qe2 Nxe5 7. Bxe4 dxe4
8. Qxe4 Bb4+ 9. c3 Bd6 10. dxe5 O-O 11. O-O Re8 12. Bf4 Qh4 13. Qa4 Bh3 14. g3
Qg4 15. f3 Bc5+ 16. Kh1 Qh5 17. g4 Qg6 18. Rd1 h5 19. g5 Rad8 20. Nd2 Bf5 21.
Nf1 h4 22. Rxd8 Rxd8 23. Rd1 Rxd1 24. Qxd1 Qc6 25. Be3 Bg4 26. Kg2 h3+ 27. Kg3
Bxe3 28. Nxe3 Bd7 29. Nd5 1-0

[Event "Beijing Sportaccord blindfold (Women)"]
[Site "Beijing"]
[Date "2011.12.15"]
[Round "3"]
[White "Kosteniuk, Alexandra"]
[Black "Harika, Dronavalli"]
[Result "0-1"]
[WhiteElo "2439"]
[BlackElo "2512"]
[PlyCount "84"]
[EventDate "2011.12.14"]
[EventType "swiss (rapid)"]
[EventRounds "7"]
[EventCountry "CHN"]
[SourceTitle "CBM 145 Extra"]
[Source "ChessBase"]
[SourceDate "2012.01.03"]
[SourceVersion "1"]
[SourceVersionDate "2012.01.03"]
[SourceQuality "1"]

1. e4 e5 2. Nf3 Nc6 3. Bb5 f5 4. Nc3 fxe4 5. Nxe4 Nf6 6. Nxf6+ Qxf6 7. Qe2 Be7
8. Bxc6 bxc6 9. Nxe5 Qe6 10. d4 Bf6 11. c3 O-O 12. Nd3 Qf5 13. Nf4 Bg5 14. Nh3
Bxc1 15. Rxc1 Qf7 16. O-O d6 17. Ng5 Qg6 18. Qe3 Bg4 19. f4 h6 20. Nh3 Rae8 21.
Qg3 Qf5 22. Nf2 Be2 23. Rfe1 Re7 24. h3 Rfe8 25. Ng4 Kh7 26. Nh2 Re4 27. Rc2
Re3 28. Rcxe2 Rxe2 29. Rxe2 Rxe2 30. Nf1 Rxb2 31. Qf3 Rb1 32. Kh2 Ra1 33. Ng3
Qb1 34. h4 d5 35. f5 Qd1 36. Qf4 Qg1+ 37. Kh3 Rxa2 38. Qxc7 Rxg2 39. h5 a5 40.
f6 Rxg3+ 41. Qxg3 Qxg3+ 42. Kxg3 gxf6 0-1

[Event "Beijing Sportaccord blindfold (Women)"]
[Site "Beijing"]
[Date "2011.12.15"]
[Round "4"]
[White "Muzychuk, Anna"]
[Black "Kosteniuk, Alexandra"]
[Result "0-1"]
[WhiteElo "2562"]
[BlackElo "2439"]
[PlyCount "48"]
[EventDate "2011.12.14"]
[EventType "swiss (rapid)"]
[EventRounds "7"]
[EventCountry "CHN"]
[SourceTitle "CBM 145 Extra"]
[Source "ChessBase"]
[SourceDate "2012.01.03"]
[SourceVersion "1"]
[SourceVersionDate "2012.01.03"]
[SourceQuality "1"]

1. f4 d5 2. Nf3 c5 3. g3 Nc6 4. Bg2 g6 5. O-O Bg7 6. d3 Nf6 7. Qe1 d4 8. a4 O-O
9. Na3 Be6 10. Bd2 Qd7 11. Ng5 Bf5 12. Nc4 Nd5 13. c3 Rad8 14. h3 h6 15. Ne4
Bxh3 16. Nxc5 Qc8 17. Bxh3 Qxh3 18. Nxb7 Rb8 19. Nc5 Rxb2 20. cxd4 Rxd2 21.
Qxd2 Qxg3+ 22. Kh1 Qh3+ 23. Kg1 Bxd4+ 24. e3 Nxe3 0-1